[Event "V4Liptov2018"]
[Site "?"]
[Date "2018.06.26"]
[Round "7.1"]
[White "Szczurek, Krzysztof"]
[Black "Durica, Adam"]
[Result "0-1"]
[BlackElo "1950"]
[WhiteElo "2075"]
[LiveChessVersion "1.4.8"]

1. Nf3 {[%clk 1:00:57]} Nf6 {[%clk 1:00:29]} 2. g3 {[%clk 1:01:17]} g6
{[%clk 1:00:52]} 3. Bg2 {[%clk 1:01:40]} Bg7 {[%clk 1:01:14]} 4. O-O
{[%clk 1:01:56]} O-O {[%clk 1:01:34]} 5. c4 {[%clk 1:02:02]} c5 {[%clk 1:00:53]}
6. Nc3 {[%clk 1:01:34]} d6 {[%clk 1:00:54]} 7. d3 {[%clk 1:01:02]} Nc6
{[%clk 0:59:32]} 8. Rb1 {[%clk 1:00:02]} e5 {[%clk 0:58:09]} 9. a3
{[%clk 0:57:38]} a5 {[%clk 0:56:17]} 10. e4 {[%clk 0:54:38]} Ne8 {[%clk 0:54:52]}
11. Nd5 {[%clk 0:51:03]} h6 {[%clk 0:51:34]} 12. b4 {[%clk 0:49:41]} axb4
{[%clk 0:48:12]} 13. axb4 {[%clk 0:49:59]} b6 {[%clk 0:41:40]} 14. Be3
{[%clk 0:46:41]} Nf6 {[%clk 0:33:26]} 15. bxc5 {[%clk 0:42:47]} bxc5
{[%clk 0:33:17]} 16. Qd2 {[%clk 0:38:24]} Nxd5 {[%clk 0:28:43]} 17. exd5
{[%clk 0:37:18]} Nb4 {[%clk 0:29:03]} 18. Bxh6 {[%clk 0:29:33]} Ra2
{[%clk 0:29:20]} 19. Qe3 {[%clk 0:29:54]} Bf5 {[%clk 0:29:39]} 20. Bxg7
{[%clk 0:29:01]} Kxg7 {[%clk 0:29:59]} 21. Ne1 {[%clk 0:29:19]} Rh8
{[%clk 0:28:25]} 22. f4 {[%clk 0:25:27]} exf4 {[%clk 0:23:01]} 23. Qxf4
{[%clk 0:25:35]} Qe7 {[%clk 0:22:54]} 24. Rd1 {[%clk 0:18:00]} Qe2
{[%clk 0:19:17]} 25. Qf3 {[%clk 0:11:48]} Qxf3 {[%clk 0:19:13]} 26. Bxf3
{[%clk 0:11:41]} Rhxh2 {[%clk 0:19:06]} 27. Bg2 {[%clk 0:11:51]} Rh8
{[%clk 0:18:47]} 28. d4 {[%clk 0:11:50]} Rc8 {[%clk 0:16:41]} 29. dxc5
{[%clk 0:11:29]} Rxc5 {[%clk 0:16:49]} 30. Rd4 {[%clk 0:11:36]} Nc2
{[%clk 0:14:58]} 31. Nxc2 {[%clk 0:11:30]} Rxc2 {[%clk 0:15:22]} 32. g4
{[%clk 0:11:37]} Bc8 {[%clk 0:14:41]} 33. Rff4 {[%clk 0:09:29]} Ba6
{[%clk 0:14:14]} 34. Bf1 {[%clk 0:09:45]} Ra5 {[%clk 0:14:19]} 35. Rde4
{[%clk 0:09:42]} Ra1 {[%clk 0:14:29]} 36. Re7 {[%clk 0:04:15]} Bxc4
{[%clk 0:13:49]} 37. Rexf7+ {[%clk 0:04:34]} Kh6 {[%clk 0:14:13]} 38. Rc7
{[%clk 0:04:55]} Bxf1 {[%clk 0:14:35]} 39. Rxc2 {[%clk 0:05:14]} Bd3+
{[%clk 0:14:59]} 40. Kf2 {[%clk 0:05:39]} Bxc2 {[%clk 0:15:22]} 41. Rf6
{[%clk 0:05:52]} Ra6 {[%clk 0:15:40]} 42. Kf3 {[%clk 0:06:00]} Kg5
{[%clk 0:16:00]} 43. Re6 {[%clk 0:06:16]} Bd1+ {[%clk 0:16:25]} 0-1

[Event "V4Liptov2018"]
[Site "?"]
[Date "2018.06.26"]
[Round "7.2"]
[White "Holly, Andrej"]
[Black "Dylag, Emilia"]
[Result "1/2-1/2"]
[BlackElo "1935"]
[WhiteElo "1924"]
[LiveChessVersion "1.4.8"]

1. e4 {[%clk 1:00:59]} c5 {[%clk 1:00:51]} 2. Nf3 {[%clk 1:01:17]} d6
{[%clk 1:01:11]} 3. d4 {[%clk 1:01:44]} cxd4 {[%clk 1:01:31]} 4. Nxd4
{[%clk 1:02:11]} Nf6 {[%clk 1:01:46]} 5. Nc3 {[%clk 1:02:10]} a6 {[%clk 1:02:06]}
6. Be3 {[%clk 1:01:33]} e5 {[%clk 1:02:29]} 7. Nb3 {[%clk 1:01:55]} Be7
{[%clk 1:02:47]} 8. f3 {[%clk 1:01:12]} O-O {[%clk 1:02:47]} 9. Qd2
{[%clk 1:00:08]} Be6 {[%clk 1:03:01]} 10. O-O-O {[%clk 1:00:31]} a5
{[%clk 1:03:08]} 11. a4 {[%clk 0:59:43]} Nc6 {[%clk 1:03:20]} 12. Kb1
{[%clk 0:56:32]} Nb4 {[%clk 1:01:21]} 13. g4 {[%clk 0:52:21]} Rc8
{[%clk 0:40:56]} 14. g5 {[%clk 0:49:55]} Nh5 {[%clk 0:40:06]} 15. Rg1
{[%clk 0:45:26]} Nf4 {[%clk 0:27:37]} 16. Bxf4 {[%clk 0:43:41]} exf4
{[%clk 0:27:46]} 17. h4 {[%clk 0:38:58]} Qb6 {[%clk 0:26:22]} 18. Bb5
{[%clk 0:37:35]} d5 {[%clk 0:20:52]} 19. exd5 {[%clk 0:34:41]} Bf5
{[%clk 0:20:33]} 20. Nd4 {[%clk 0:32:57]} Bg6 {[%clk 0:17:31]} 21. Rh1
{[%clk 0:22:00]} Bc5 {[%clk 0:12:52]} 22. Rh2 {[%clk 0:21:37]} Bh5
{[%clk 0:07:31]} 23. Rh3 {[%clk 0:13:08]} Rfd8 {[%clk 0:02:44]} 24. Nf5
{[%clk 0:09:03]} Bg6 {[%clk 0:02:01]} 25. Qxf4 {[%clk 0:08:51]} Bxf5
{[%clk 0:01:28]} 26. Qxf5 {[%clk 0:09:21]} Bd4 {[%clk 0:01:33]} 27. f4
{[%clk 0:09:30]} Bxc3 {[%clk 0:00:51]} 28. bxc3 {[%clk 0:08:52]} Nc6
{[%clk 0:00:33]} 29. Re1 {[%clk 0:08:43]} Na7 {[%clk 0:00:32]} 30. Qd3
{[%clk 0:04:15]} Nxb5 {[%clk 0:00:42]} 31. Qxb5 {[%clk 0:03:20]} Qxb5+
{[%clk 0:00:45]} 32. axb5 {[%clk 0:03:49]} Rxd5 {[%clk 0:01:13]} 33. c4
{[%clk 0:04:16]} 1/2-1/2

[Event "V4Liptov2018"]
[Site "?"]
[Date "2018.06.26"]
[Round "7.3"]
[White "Wasik, Mateusz"]
[Black "Sivcak, Matej"]
[Result "1-0"]
[BlackElo "1879"]
[WhiteElo "1652"]
[LiveChessVersion "1.4.8"]

1. e4 {[%clk 1:00:57]} g6 {[%clk 0:58:09]} 2. d4 {[%clk 1:01:05]} Bg7
{[%clk 0:56:13]} 3. Nf3 {[%clk 1:01:27]} c5 {[%clk 0:55:07]} 4. Nc3
{[%clk 0:58:14]} Nc6 {[%clk 0:50:05]} 5. Be3 {[%clk 0:57:42]} Qa5
{[%clk 0:48:15]} 6. Qd2 {[%clk 0:25:48]} cxd4 {[%clk 0:39:40]} 7. Nxd4
{[%clk 0:25:44]} Nf6 {[%clk 0:38:52]} 8. f3 {[%clk 0:26:03]} O-O {[%clk 0:37:33]}
9. Bc4 {[%clk 0:24:37]} Nxd4 {[%clk 0:23:15]} 10. Bxd4 {[%clk 0:24:48]} Qb4
{[%clk 0:23:44]} 11. b3 {[%clk 0:23:01]} a6 {[%clk 0:22:21]} 12. a4
{[%clk 0:20:22]} d6 {[%clk 0:18:57]} 13. O-O {[%clk 0:19:16]} Bd7
{[%clk 0:17:58]} 14. Qd3 {[%clk 0:13:06]} e6 {[%clk 0:11:18]} 15. a5
{[%clk 0:08:56]} d5 {[%clk 0:07:40]} 16. exd5 {[%clk 0:08:25]} exd5
{[%clk 0:06:49]} 17. Nxd5 {[%clk 0:06:43]} Nxd5 {[%clk 0:06:49]} 18. Bxg7
{[%clk 0:06:32]} Kxg7 {[%clk 0:07:01]} 19. Qxd5 {[%clk 0:06:29]} Bc6
{[%clk 0:06:29]} 20. Qd4+ {[%clk 0:06:07]} f6 {[%clk 0:06:15]} 21. c3
{[%clk 0:06:13]} Qe7 {[%clk 0:05:49]} 22. Rfe1 {[%clk 0:06:26]} Qd8
{[%clk 0:05:57]} 23. Qc5 {[%clk 0:03:16]} Re8 {[%clk 0:05:19]} 24. Rad1
{[%clk 0:03:03]} Qc7 {[%clk 0:04:29]} 25. Bd5 {[%clk 0:01:21]} Rac8
{[%clk 0:03:29]} 26. Bxc6 {[%clk 0:01:03]} Rxe1+ {[%clk 0:01:46]} 27. Rxe1
{[%clk 0:01:27]} Qxc6 {[%clk 0:02:03]} 28. Re7+ {[%clk 0:01:08]} Kh6
{[%clk 0:01:58]} 29. Qxc6 {[%clk 0:00:40]} Rxc6 {[%clk 0:01:12]} 30. Rxb7
{[%clk 0:00:44]} Rxc3 {[%clk 0:01:40]} 31. Rb6 {[%clk 0:00:56]} f5
{[%clk 0:01:35]} 32. b4 {[%clk 0:01:08]} Rb3 {[%clk 0:01:21]} 33. f4
{[%clk 0:00:47]} Rb2 {[%clk 0:00:40]} 34. h3 {[%clk 0:00:52]} Kh5
{[%clk 0:00:45]} 35. Kh2 {[%clk 0:00:54]} Rb3 {[%clk 0:00:38]} 36. Rb7
{[%clk 0:00:47]} h6 {[%clk 0:00:35]} 37. Rb6 {[%clk 0:01:08]} g5 {[%clk 0:00:41]}
38. fxg5 {[%clk 0:01:06]} hxg5 {[%clk 0:00:37]} 39. Rxa6 {[%clk 0:00:55]} Rxb4
{[%clk 0:00:53]} 40. Ra8 {[%clk 0:01:09]} g4 {[%clk 0:00:34]} 41. a6
{[%clk 0:00:37]} Kg5 {[%clk 0:00:31]} 42. Rg8+ {[%clk 0:00:37]} Kf4
{[%clk 0:00:38]} 43. a7 {[%clk 0:00:36]} g3+ {[%clk 0:00:50]} 44. Rxg3
{[%clk 0:00:57]} Ra4 {[%clk 0:01:07]} 45. Rg7 {[%clk 0:01:09]} Ke5
{[%clk 0:01:19]} 46. Kg3 {[%clk 0:01:05]} Kf6 {[%clk 0:01:19]} 47. Rb7
{[%clk 0:01:13]} Kg5 {[%clk 0:00:32]} 48. h4+ {[%clk 0:00:36]} Kh5
{[%clk 0:00:41]} 49. Rf7 {[%clk 0:00:40]} Kg6 {[%clk 0:00:32]} 50. Rb7
{[%clk 0:01:08]} Kh5 {[%clk 0:00:48]} 51. Rb5 {[%clk 0:00:51]} Ra3+
{[%clk 0:00:43]} 52. Kf4 {[%clk 0:00:37]} Rxa7 {[%clk 0:00:37]} 53. g3
{[%clk 0:00:38]} Ra4+ {[%clk 0:00:31]} 54. Kxf5 {[%clk 0:00:45]} Ra3
{[%clk 0:00:37]} 55. Kf4+ {[%clk 0:00:47]} Kg6 {[%clk 0:00:38]} 56. Rb6+
{[%clk 0:01:12]} Kg7 {[%clk 0:00:32]} 57. h5 {[%clk 0:00:34]} Ra4+
{[%clk 0:00:34]} 58. Kg5 {[%clk 0:00:48]} Ra5+ {[%clk 0:01:02]} 59. Kh4
{[%clk 0:01:17]} Rc5 {[%clk 0:00:43]} 60. g4 {[%clk 0:01:13]} Ra5
{[%clk 0:01:02]} 61. h6+ {[%clk 0:01:29]} Kh7 {[%clk 0:01:23]} 62. g5
{[%clk 0:01:29]} Ra1 {[%clk 0:01:52]} 63. Rb7+ {[%clk 0:01:06]} Kh8
{[%clk 0:00:39]} 64. g6 {[%clk 0:00:37]} Rh1+ {[%clk 0:00:45]} 65. Kg5
{[%clk 0:01:04]} Rg1+ {[%clk 0:00:47]} 66. Kf6 {[%clk 0:01:29]} Rf1+
{[%clk 0:01:09]} 67. Ke6 {[%clk 0:01:53]} Re1+ {[%clk 0:01:27]} 68. Kd6
{[%clk 0:02:19]} Rd1+ {[%clk 0:01:22]} 69. Kc6 {[%clk 0:02:42]} Rc1+
{[%clk 0:01:23]} 70. Kd7 {[%clk 0:01:55]} Rd1+ {[%clk 0:01:35]} 71. Kc7
{[%clk 0:02:15]} Rc1+ {[%clk 0:01:19]} 72. Kd8 {[%clk 0:00:45]} Rd1+
{[%clk 0:01:16]} 73. Rd7 {[%clk 0:00:58]} Re1 {[%clk 0:00:35]} 74. Rf7
{[%clk 0:01:02]} Rd1+ {[%clk 0:00:32]} 75. Ke8 {[%clk 0:01:25]} Re1+
{[%clk 0:00:39]} 76. Kf8 {[%clk 0:01:29]} Rf1 {[%clk 0:01:06]} 77. g7+
{[%clk 0:01:44]} 1-0

[Event "V4Liptov2018"]
[Site "?"]
[Date "2018.06.26"]
[Round "7.4"]
[White "Korenova, Simona"]
[Black "Jozefczyk, Szymon"]
[Result "0-1"]
[BlackElo "1643"]
[WhiteElo "1736"]
[LiveChessVersion "1.4.8"]

1. c4 {[%clk 1:00:58]} e5 {[%clk 1:00:39]} 2. Nc3 {[%clk 1:01:20]} Nf6
{[%clk 1:00:25]} 3. g3 {[%clk 1:01:29]} c6 {[%clk 1:00:14]} 4. Bg2
{[%clk 1:01:50]} d6 {[%clk 0:58:54]} 5. e3 {[%clk 1:01:03]} Be7 {[%clk 0:57:13]}
6. Nge2 {[%clk 1:01:10]} O-O {[%clk 0:55:20]} 7. O-O {[%clk 1:00:41]} Nbd7
{[%clk 0:54:18]} 8. d4 {[%clk 0:59:47]} h6 {[%clk 0:48:23]} 9. b3
{[%clk 0:57:20]} Nh7 {[%clk 0:39:43]} 10. d5 {[%clk 0:54:35]} c5 {[%clk 0:37:48]}
11. e4 {[%clk 0:51:22]} Nb6 {[%clk 0:35:23]} 12. Bd2 {[%clk 0:48:02]} f5
{[%clk 0:31:43]} 13. f4 {[%clk 0:46:23]} exf4 {[%clk 0:28:24]} 14. Nxf4
{[%clk 0:44:25]} fxe4 {[%clk 0:21:41]} 15. Nxe4 {[%clk 0:43:35]} Ng5
{[%clk 0:17:56]} 16. Bc3 {[%clk 0:40:46]} Nxe4 {[%clk 0:15:31]} 17. Bxe4
{[%clk 0:41:06]} Bg5 {[%clk 0:14:57]} 18. Ne6 {[%clk 0:38:35]} Bxe6
{[%clk 0:14:09]} 19. dxe6 {[%clk 0:38:45]} Qe7 {[%clk 0:12:54]} 20. Qg4
{[%clk 0:36:33]} Rae8 {[%clk 0:10:28]} 21. Bf5 {[%clk 0:27:17]} d5
{[%clk 0:08:45]} 22. h4 {[%clk 0:24:42]} Be3+ {[%clk 0:08:12]} 23. Kh1
{[%clk 0:24:45]} d4 {[%clk 0:08:22]} 24. Qg6 {[%clk 0:24:14]} Rxf5
{[%clk 0:07:08]} 25. Rxf5 {[%clk 0:24:27]} Qxe6 {[%clk 0:06:13]} 26. Qxe6+
{[%clk 0:23:41]} Rxe6 {[%clk 0:06:40]} 27. Be1 {[%clk 0:22:58]} Nd7
{[%clk 0:06:35]} 28. Rd1 {[%clk 0:22:28]} b6 {[%clk 0:05:51]} 29. Bd2
{[%clk 0:22:13]} Bxd2 {[%clk 0:04:58]} 30. Rxd2 {[%clk 0:22:38]} Nf6
{[%clk 0:04:42]} 31. Kg2 {[%clk 0:21:49]} Re3 {[%clk 0:04:50]} 32. Rf3
{[%clk 0:21:21]} Re7 {[%clk 0:04:03]} 33. a3 {[%clk 0:19:36]} Ng4
{[%clk 0:03:14]} 34. Rf4 {[%clk 0:15:55]} Ne3+ {[%clk 0:02:54]} 35. Kf2
{[%clk 0:16:09]} h5 {[%clk 0:02:32]} 36. Kf3 {[%clk 0:15:37]} Re6
{[%clk 0:01:20]} 37. Re2 {[%clk 0:14:29]} Re7 {[%clk 0:01:00]} 38. b4
{[%clk 0:12:47]} Re8 {[%clk 0:01:07]} 39. Kf2 {[%clk 0:10:19]} Re7
{[%clk 0:00:50]} 40. Rf3 {[%clk 0:08:52]} Re8 {[%clk 0:00:43]} 41. Ke1
{[%clk 0:08:18]} Re7 {[%clk 0:00:40]} 42. Kf2 {[%clk 0:05:22]} Re8
{[%clk 0:00:39]} 43. Rf4 {[%clk 0:04:13]} Re7 {[%clk 0:00:50]} 44. Kf3
{[%clk 0:04:01]} Re8 {[%clk 0:00:56]} 45. g4 {[%clk 0:02:01]} hxg4+
{[%clk 0:00:38]} 46. Rxg4 {[%clk 0:02:24]} Re6 {[%clk 0:00:49]} 47. Re4
{[%clk 0:02:07]} Rf6+ {[%clk 0:00:55]} 48. Rf4 {[%clk 0:01:52]} Re6
{[%clk 0:01:06]} 49. Kf2 {[%clk 0:01:37]} Rg6 {[%clk 0:01:14]} 50. Re4
{[%clk 0:01:21]} Nxc4 {[%clk 0:00:51]} 51. Re8+ {[%clk 0:01:13]} Kh7
{[%clk 0:00:49]} 52. Ra8 {[%clk 0:01:13]} Nxa3 {[%clk 0:00:53]} 53. bxc5
{[%clk 0:00:57]} bxc5 {[%clk 0:01:07]} 54. Rxa7 {[%clk 0:01:04]} Nb5
{[%clk 0:01:17]} 55. Ra5 {[%clk 0:00:53]} Nc3 {[%clk 0:01:36]} 56. Re5
{[%clk 0:00:53]} Rg4 {[%clk 0:01:38]} 57. h5 {[%clk 0:00:41]} d3 {[%clk 0:00:38]}
58. Ke1 {[%clk 0:00:37]} Rd4 {[%clk 0:00:53]} 59. Kd2 {[%clk 0:00:39]} Nb1+
{[%clk 0:01:20]} 60. Kd1 {[%clk 0:00:55]} c4 {[%clk 0:01:08]} 61. Ra1
{[%clk 0:00:36]} c3 {[%clk 0:01:15]} 62. Rb5 {[%clk 0:00:32]} c2+
{[%clk 0:01:37]} 63. Kc1 {[%clk 0:00:55]} d2+ {[%clk 0:02:04]} 64. Kb2
{[%clk 0:00:36]} c1=Q+ {[%clk 0:02:27]} 0-1

[Event "V4Liptov2018"]
[Site "?"]
[Date "2018.06.26"]
[Round "7.5"]
[White "Sandor, Martin"]
[Black "Kuchar, Matej"]
[Result "0-1"]
[BlackElo "2174"]
[WhiteElo "1984"]
[LiveChessVersion "1.4.8"]

1. e4 {[%clk 1:00:00]} c6 {[%clk 1:00:54]} 2. d4 {[%clk 1:00:07]} d5
{[%clk 1:01:19]} 3. Nc3 {[%clk 1:00:31]} dxe4 {[%clk 1:01:45]} 4. Nxe4
{[%clk 1:00:56]} Bf5 {[%clk 1:02:06]} 5. Ng3 {[%clk 1:01:22]} Bg6
{[%clk 1:02:32]} 6. Nh3 {[%clk 1:01:46]} e6 {[%clk 1:02:57]} 7. Nf4
{[%clk 1:01:53]} Bd6 {[%clk 1:03:21]} 8. Nxg6 {[%clk 1:02:16]} hxg6
{[%clk 1:03:45]} 9. c3 {[%clk 1:01:40]} Qc7 {[%clk 1:03:44]} 10. Qf3
{[%clk 1:01:43]} Nf6 {[%clk 1:04:06]} 11. Bd3 {[%clk 0:59:41]} Nbd7
{[%clk 1:04:23]} 12. O-O {[%clk 0:55:11]} O-O-O {[%clk 0:52:04]} 13. h3
{[%clk 0:43:27]} e5 {[%clk 0:35:21]} 14. Be3 {[%clk 0:40:54]} Kb8
{[%clk 0:22:55]} 15. Ne4 {[%clk 0:39:02]} Nxe4 {[%clk 0:22:57]} 16. Bxe4
{[%clk 0:39:04]} f5 {[%clk 0:23:13]} 17. Bc2 {[%clk 0:38:37]} e4 {[%clk 0:23:18]}
18. Qe2 {[%clk 0:38:16]} Nf6 {[%clk 0:18:01]} 19. Bg5 {[%clk 0:35:52]} Rde8
{[%clk 0:17:27]} 20. Bb3 {[%clk 0:32:34]} f4 {[%clk 0:17:02]} 21. Bxf6
{[%clk 0:24:45]} gxf6 {[%clk 0:17:30]} 22. f3 {[%clk 0:23:28]} e3
{[%clk 0:15:35]} 23. Qc4 {[%clk 0:17:55]} Rh7 {[%clk 0:11:27]} 24. Bc2
{[%clk 0:17:49]} Qd7 {[%clk 0:09:25]} 25. Bxg6 {[%clk 0:16:04]} Rg7
{[%clk 0:09:47]} 26. Bxe8 {[%clk 0:16:02]} Qxh3 {[%clk 0:10:04]} 27. Qe2
{[%clk 0:15:59]} Qh8 {[%clk 0:09:58]} 28. Qc2 {[%clk 0:14:09]} Qxe8
{[%clk 0:09:59]} 29. Rfe1 {[%clk 0:13:44]} Qh8 {[%clk 0:10:14]} 30. Re2
{[%clk 0:14:04]} Rh7 {[%clk 0:10:31]} 31. Qxh7 {[%clk 0:14:25]} Qxh7
{[%clk 0:10:59]} 32. Rd1 {[%clk 0:14:17]} f5 {[%clk 0:11:07]} 0-1

[Event "V4Liptov2018"]
[Site "?"]
[Date "2018.06.26"]
[Round "7.6"]
[White "Vantuch, Lucian"]
[Black "Bochnicka, Vladimir"]
[Result "1/2-1/2"]
[BlackElo "2016"]
[WhiteElo "1956"]
[LiveChessVersion "1.4.8"]

1. e4 {[%clk 1:00:59]} c5 {[%clk 0:55:11]} 2. Nf3 {[%clk 1:01:19]} Nc6
{[%clk 0:55:35]} 3. d4 {[%clk 1:01:38]} cxd4 {[%clk 0:55:55]} 4. Nxd4
{[%clk 1:02:01]} Nf6 {[%clk 0:56:20]} 5. Nc3 {[%clk 1:02:26]} e5 {[%clk 0:56:42]}
6. Ndb5 {[%clk 1:02:39]} d6 {[%clk 0:57:02]} 7. Bg5 {[%clk 1:02:32]} a6
{[%clk 0:57:24]} 8. Na3 {[%clk 1:02:55]} b5 {[%clk 0:57:48]} 9. Nd5
{[%clk 1:02:58]} Be7 {[%clk 0:58:09]} 10. Bxf6 {[%clk 1:03:12]} Bxf6
{[%clk 0:58:31]} 11. c3 {[%clk 1:03:18]} Bg5 {[%clk 0:58:50]} 12. Nc2
{[%clk 1:00:22]} O-O {[%clk 0:58:56]} 13. Nce3 {[%clk 0:56:57]} Be6
{[%clk 0:57:34]} 14. Bd3 {[%clk 0:54:58]} Ne7 {[%clk 0:52:56]} 15. Nxe7+
{[%clk 0:53:14]} Qxe7 {[%clk 0:53:15]} 16. a4 {[%clk 0:50:27]} Bxe3
{[%clk 0:52:51]} 17. fxe3 {[%clk 0:50:52]} b4 {[%clk 0:41:38]} 18. cxb4
{[%clk 0:36:31]} d5 {[%clk 0:36:22]} 19. exd5 {[%clk 0:36:01]} Qxb4+
{[%clk 0:35:36]} 20. Qd2 {[%clk 0:36:12]} Qxd2+ {[%clk 0:35:49]} 21. Kxd2
{[%clk 0:36:33]} Bxd5 {[%clk 0:36:08]} 22. e4 {[%clk 0:34:49]} Be6
{[%clk 0:36:10]} 23. b4 {[%clk 0:33:26]} Rfd8 {[%clk 0:35:45]} 24. Ke3
{[%clk 0:31:37]} Rd4 {[%clk 0:34:24]} 25. b5 {[%clk 0:30:48]} axb5
{[%clk 0:33:35]} 26. axb5 {[%clk 0:31:04]} Rad8 {[%clk 0:33:36]} 27. Ra3
{[%clk 0:30:16]} Kf8 {[%clk 0:32:43]} 28. Rb1 {[%clk 0:23:58]} Ke7
{[%clk 0:30:52]} 29. b6 {[%clk 0:17:32]} Rb8 {[%clk 0:29:27]} 30. b7
{[%clk 0:15:42]} Rd7 {[%clk 0:23:05]} 31. Ba6 {[%clk 0:14:49]} Rc7
{[%clk 0:22:54]} 32. Rd1 {[%clk 0:12:37]} Rc6 {[%clk 0:19:37]} 33. Rdd3
{[%clk 0:08:02]} Bc4 {[%clk 0:14:52]} 34. Bxc4 {[%clk 0:04:05]} Rxc4
{[%clk 0:13:58]} 35. Rd5 {[%clk 0:03:32]} f6 {[%clk 0:12:57]} 36. Rb5
{[%clk 0:02:58]} Rc7 {[%clk 0:13:15]} 37. Rab3 {[%clk 0:03:21]} Kd7
{[%clk 0:12:45]} 38. Kf3 {[%clk 0:03:22]} Rc6 {[%clk 0:10:07]} 39. Kg4
{[%clk 0:03:41]} Kc7 {[%clk 0:10:12]} 40. h4 {[%clk 0:03:56]} g6 {[%clk 0:10:22]}
41. h5 {[%clk 0:03:56]} Rc4 {[%clk 0:08:13]} 42. hxg6 {[%clk 0:04:17]} hxg6
{[%clk 0:08:34]} 43. Kf3 {[%clk 0:04:20]} Rc2 {[%clk 0:06:18]} 44. g4
{[%clk 0:04:05]} g5 {[%clk 0:06:00]} 45. Ke3 {[%clk 0:03:25]} Rc1
{[%clk 0:05:36]} 46. Kd3 {[%clk 0:02:47]} Rc6 {[%clk 0:04:41]} 47. R3b4
{[%clk 0:02:24]} Rd8+ {[%clk 0:04:11]} 48. Rd5 {[%clk 0:02:28]} 1/2-1/2

[Event "V4Liptov2018"]
[Site "?"]
[Date "2018.06.26"]
[Round "7.7"]
[White "Vozarova, Adriana"]
[Black "Frank, Adam"]
[Result "0-1"]
[BlackElo "1993"]
[WhiteElo "1773"]
[LiveChessVersion "1.4.8"]

1. e4 {[%clk 1:00:56]} e5 {[%clk 1:00:57]} 2. Nf3 {[%clk 1:01:08]} Nc6
{[%clk 1:01:23]} 3. d4 {[%clk 1:01:26]} exd4 {[%clk 1:01:49]} 4. Bc4
{[%clk 1:01:44]} Nf6 {[%clk 1:02:14]} 5. e5 {[%clk 1:02:03]} d5 {[%clk 1:02:19]}
6. Bb5 {[%clk 1:02:17]} Ne4 {[%clk 1:02:44]} 7. Nxd4 {[%clk 1:02:15]} Bd7
{[%clk 1:03:10]} 8. Bxc6 {[%clk 1:02:29]} bxc6 {[%clk 1:03:35]} 9. O-O
{[%clk 1:02:21]} Bc5 {[%clk 0:56:22]} 10. f3 {[%clk 0:59:21]} Ng5
{[%clk 0:56:46]} 11. f4 {[%clk 0:59:40]} Ne4 {[%clk 0:56:19]} 12. Be3
{[%clk 0:53:36]} Qe7 {[%clk 0:49:53]} 13. Nc3 {[%clk 0:44:56]} Nxc3
{[%clk 0:45:32]} 14. bxc3 {[%clk 0:45:17]} O-O {[%clk 0:45:43]} 15. Qe2
{[%clk 0:34:21]} Rae8 {[%clk 0:38:52]} 16. Rae1 {[%clk 0:29:12]} f6
{[%clk 0:37:28]} 17. Qf2 {[%clk 0:22:37]} Bb6 {[%clk 0:35:15]} 18. Nf3
{[%clk 0:18:39]} Bg4 {[%clk 0:33:14]} 19. Bxb6 {[%clk 0:16:58]} cxb6
{[%clk 0:32:49]} 20. exf6 {[%clk 0:16:09]} Qxf6 {[%clk 0:32:48]} 21. Ne5
{[%clk 0:15:57]} Bc8 {[%clk 0:26:58]} 22. Qg3 {[%clk 0:13:28]} Bf5
{[%clk 0:19:28]} 23. Rf2 {[%clk 0:11:44]} Qd6 {[%clk 0:18:20]} 24. Re3
{[%clk 0:05:42]} Be4 {[%clk 0:16:32]} 25. Qg5 {[%clk 0:04:25]} Qf6
{[%clk 0:10:59]} 26. Qg3 {[%clk 0:03:15]} Qd6 {[%clk 0:08:49]} 27. Qg5
{[%clk 0:03:24]} Qf6 {[%clk 0:08:57]} 28. Qg3 {[%clk 0:03:28]} Re7
{[%clk 0:08:14]} 29. Re1 {[%clk 0:02:19]} Kh8 {[%clk 0:06:25]} 30. Re3
{[%clk 0:02:28]} Rc7 {[%clk 0:04:47]} 31. Re1 {[%clk 0:02:01]} Qf5
{[%clk 0:04:08]} 32. Ree2 {[%clk 0:01:54]} b5 {[%clk 0:04:20]} 33. Qe3
{[%clk 0:01:49]} c5 {[%clk 0:03:59]} 34. a3 {[%clk 0:01:27]} Qc8 {[%clk 0:02:49]}
35. Rf1 {[%clk 0:01:26]} Qa6 {[%clk 0:02:45]} 36. Ra1 {[%clk 0:01:29]} Rfc8
{[%clk 0:01:57]} 37. Qg3 {[%clk 0:01:15]} Qf6 {[%clk 0:01:47]} 38. Qe3
{[%clk 0:01:15]} Rf8 {[%clk 0:01:59]} 39. Rf2 {[%clk 0:01:24]} Qf5
{[%clk 0:01:59]} 40. Rc1 {[%clk 0:01:34]} h6 {[%clk 0:01:52]} 41. Qd2
{[%clk 0:01:35]} Kh7 {[%clk 0:02:02]} 42. Re1 {[%clk 0:01:56]} Re8
{[%clk 0:01:34]} 43. Re3 {[%clk 0:01:54]} Rd8 {[%clk 0:01:25]} 44. Qe2
{[%clk 0:01:41]} a6 {[%clk 0:01:31]} 45. Kh1 {[%clk 0:01:17]} Rf8
{[%clk 0:01:19]} 46. Kg1 {[%clk 0:00:57]} Re7 {[%clk 0:00:46]} 47. Rg3
{[%clk 0:01:02]} g5 {[%clk 0:00:45]} 48. Nc6 {[%clk 0:00:33]} Re6
{[%clk 0:00:50]} 49. Ne5 {[%clk 0:00:33]} gxf4 {[%clk 0:01:06]} 0-1

[Event "V4Liptov2018"]
[Site "?"]
[Date "2018.06.26"]
[Round "7.8"]
[White "Laurincova, Kristyna"]
[Black "Valigursky, Michal"]
[Result "1/2-1/2"]
[BlackElo "1623"]
[WhiteElo "1953"]
[LiveChessVersion "1.4.8"]

1. e4 {[%clk 1:00:58]} c5 {[%clk 0:59:24]} 2. Nf3 {[%clk 1:01:15]} Nc6
{[%clk 0:59:28]} 3. d4 {[%clk 1:01:41]} cxd4 {[%clk 0:59:41]} 4. Nxd4
{[%clk 1:02:08]} g6 {[%clk 0:59:52]} 5. Nc3 {[%clk 1:02:33]} Bg7 {[%clk 1:00:08]}
6. Be3 {[%clk 1:02:45]} Nf6 {[%clk 1:00:22]} 7. Bc4 {[%clk 1:03:01]} Qa5
{[%clk 1:00:40]} 8. O-O {[%clk 1:03:26]} O-O {[%clk 1:00:24]} 9. Bb3
{[%clk 1:03:51]} d6 {[%clk 1:00:00]} 10. h3 {[%clk 1:04:18]} Bd7 {[%clk 0:59:33]}
11. Re1 {[%clk 1:04:35]} a6 {[%clk 0:57:45]} 12. Nd5 {[%clk 1:01:15]} Nxd5
{[%clk 0:49:13]} 13. exd5 {[%clk 1:00:58]} Nxd4 {[%clk 0:46:38]} 14. Bxd4
{[%clk 1:01:27]} Rfe8 {[%clk 0:46:41]} 15. Bxg7 {[%clk 1:00:57]} Kxg7
{[%clk 0:47:08]} 16. Qd4+ {[%clk 1:01:16]} f6 {[%clk 0:45:12]} 17. Re3
{[%clk 0:56:56]} Rac8 {[%clk 0:43:11]} 18. Rae1 {[%clk 0:56:41]} Kf7
{[%clk 0:42:56]} 19. Qh4 {[%clk 0:55:53]} h5 {[%clk 0:41:43]} 20. g4
{[%clk 0:55:26]} Qb4 {[%clk 0:37:17]} 21. Re4 {[%clk 0:55:11]} Qd2
{[%clk 0:37:13]} 22. gxh5 {[%clk 0:54:20]} g5 {[%clk 0:37:30]} 23. Qg3
{[%clk 0:54:09]} Bf5 {[%clk 0:36:06]} 24. R4e2 {[%clk 0:53:31]} Qf4
{[%clk 0:34:45]} 25. Qxf4 {[%clk 0:50:20]} gxf4 {[%clk 0:34:43]} 26. Kg2
{[%clk 0:50:49]} Rc7 {[%clk 0:34:16]} 27. Kf3 {[%clk 0:45:23]} Bxh3
{[%clk 0:32:01]} 28. Rh1 {[%clk 0:45:23]} Bf5 {[%clk 0:26:21]} 29. Kxf4
{[%clk 0:45:33]} Bh7 {[%clk 0:26:32]} 30. Rg1 {[%clk 0:44:16]} Rcc8
{[%clk 0:26:27]} 31. f3 {[%clk 0:43:42]} Rg8 {[%clk 0:26:13]} 32. Reg2
{[%clk 0:43:48]} Rxg2 {[%clk 0:25:23]} 33. Rxg2 {[%clk 0:44:17]} Rg8
{[%clk 0:25:40]} 34. Rg4 {[%clk 0:43:29]} Rg7 {[%clk 0:16:47]} 35. c4
{[%clk 0:42:25]} b6 {[%clk 0:15:57]} 36. Ba4 {[%clk 0:37:50]} Bd3
{[%clk 0:15:55]} 37. Be8+ {[%clk 0:36:58]} Kf8 {[%clk 0:15:48]} 38. Rxg7
{[%clk 0:36:24]} Kxg7 {[%clk 0:16:03]} 39. b3 {[%clk 0:35:54]} Bb1
{[%clk 0:08:52]} 40. a3 {[%clk 0:31:37]} Bc2 {[%clk 0:07:47]} 41. b4
{[%clk 0:21:11]} Bd3 {[%clk 0:07:00]} 42. Bc6 {[%clk 0:20:40]} Kh6
{[%clk 0:05:59]} 43. a4 {[%clk 0:13:44]} a5 {[%clk 0:05:43]} 44. bxa5
{[%clk 0:12:50]} bxa5 {[%clk 0:06:04]} 45. Bb5 {[%clk 0:12:23]} Bc2
{[%clk 0:05:48]} 46. Kg4 {[%clk 0:05:11]} 1/2-1/2